00542nam a2200133Ia 4500008004100000100002600041245007900067245011300146260005300259260000900312300001100321650001500332856006100347170221s9999 xx 000 0 und d aOlga A. Koryakovtseva aResearch of Category "Motivation" as a Basic Tool of Personnel Management  cOlga A. Koryakovtseva, Iuliia I. Doronina, Tatiana M. Panchenko, Irina S. Karabulatova, Zishana M. Abdullina bInternational Review of Management and Marketing c2016 a6 : 1S xMarketing. uhttp://www.econjournals.com/index.php/irmm/issue/view/70